Embriología
Saved in:
| Hovedforfatter: | |
|---|---|
| Format: | Bog |
| Sprog: | spansk |
| Udgivet: |
Barcelona, España
Omega
1972
|
| Serier: | Métodos
|
| Fag: | |
| Tags: |
Tilføj Tag
Ingen Tags, Vær først til at tagge denne postø!
|
MARC
| LEADER | 00000nam a2200000 a 4500 | ||
|---|---|---|---|
| 001 | UCT5498 | ||
| 003 | CL-VaPUC | ||
| 005 | 20241127113817.0 | ||
| 008 | 961211e19720000SP |||||||||||||||||spa|d | ||
| 999 | |c 254418 |d 254416 | ||
| 040 | |c Pontificia Universidad Católica de Valparaíso | ||
| 082 | 0 | 4 | |a 571.86 HOU 1972 |2 21 |
| 100 | 0 | |a Houillon, Charles |9 374996 | |
| 245 | 1 | 0 | |a Embriología |
| 260 | 0 | 3 | |a Barcelona, España |b Omega |c 1972 |
| 300 | |a 183 páginas | ||
| 490 | 0 | |a Métodos | |
| 583 | |a last modification |c 19961211 00:00:00 |k Rodrigo Vera | ||
| 650 | 0 | |a Embriología |9 269729 | |
| 650 | 0 | |a Células |9 269548 | |
| 650 | 0 | |a Desarrollo embrionario |9 343783 | |
| 650 | 0 | |a Morfología |9 334440 | |
| 650 | 0 | |a Aves |9 262192 | |
| 650 | 0 | |a Anfibios |9 269791 | |
| 650 | 7 | |a MAMIFEROS |2 CL-VaPUC |9 266111 | |
| 650 | 0 | |a División celular |9 343784 | |
| 942 | |c BK |2 ddc | ||
| 945 | |d 19961211 00:00:00 |a paguirre | ||
| 952 | |0 0 |1 0 |2 ddc |4 0 |6 571_860000000000000_HOU_1972 |7 0 |8 A |9 276083 |a BIBCUR |b BIBCUR |d 2019-11-19 |i 1797557 |o 571.86 HOU 1972 |p 1797557 |r 2025-04-22 |t 1 |w 2019-11-19 |y BK |k BIO | ||